[Event "AUTO-OPEN-4199"]
[Site "http://www.queenalice.com/game.php?id=1621996"]
[Date "2020.7.29"]
[Round "1"]
[White "luizantoniosetti"]
[Black "Polyphem"]
[Result "1-0"]
[WhiteElo "2148"]
[BlackElo "1865"]

1. e4 e5 2. Nf3 Nc6 3. Bb5 d6 4. d4 exd4 5. Nxd4 Bd7 6. Nxc6 Bxc6 7. Bxc6+ bxc6
8. O-O Nf6 9. Bf4 Be7 10. Nc3 O-O 11. Qd3 d5 12. Rad1 Qb8 13. exd5 Nxd5 14. Nxd5
cxd5 15. Be5 Qb7 16. Qxd5 Qxd5 17. Rxd5 c6 18. Rd7 Rfe8 19. Bc3 Bf6 20. Bxf6
gxf6 21. Rfd1 Kg7 22. Kf1 a5 23. Rc7 a4 24. Rxc6 Rab8 25. b3 axb3 26. axb3 Rbc8
27. Rxc8 Rxc8 28. c4 Rb8 29. Rd3 f5 30. c5 Kf6 31. f4 h5 32. Rc3 Ke6 33. Ke2 Kd5
34. c6 Rc8 35. c7 Kd4 36. Rc4+ Kd5 37. Kd3 f6 38. b4 h4 39. g3 hxg3 40. hxg3 Kd6
41. Kd4 Ke6 42. b5 Kd6 43. b6 1-0

[Event "AUTO-OPEN-4199"]
[Site "http://www.queenalice.com/game.php?id=1622015"]
[Date "2020.7.29"]
[Round "1"]
[White "pomar"]
[Black "luizantoniosetti"]
[Result "0-1"]
[WhiteElo "2110"]
[BlackElo "2082"]

1. f3 d5 2. Kf2 e5 3. e3 f5 4. c4 c6 5. Qb3 Nf6 6. cxd5 Qxd5 7. Bc4 Qd7 8. Nc3
b5 9. Be2 a5 10. Nxb5 cxb5 11. Bxb5 Nc6 12. Qa4 Bb7 13. Ne2 Bb4 14. Rd1 e4 15.
Nd4 Rc8 16. a3 Bc5 17. Nxc6 Bxc6 18. Bxc6 Qxc6 19. Qxa5 exf3 20. gxf3 Nd5 21. b4
Bb6 22. b5 Bxa5 23. bxc6 Rxc6 24. Bb2 O-O 25. d4 Rc2+ 26. Kg1 Rxb2 27. e4 fxe4
28. fxe4 Ne3 29. Rdc1 Rff2 0-1

[Event "AUTO-OPEN-4199"]
[Site "http://www.queenalice.com/game.php?id=1622016"]
[Date "2020.7.29"]
[Round "1"]
[White "luizantoniosetti"]
[Black "pomar"]
[Result "1-0"]
[WhiteElo "2099"]
[BlackElo "2105"]

1. e4 e6 2. d4 d5 3. Nc3 Bb4 4. e5 c5 5. a3 cxd4 6. axb4 dxc3 7. bxc3 Qc7 8. f4
Qxc3+ 9. Bd2 Qc7 10. Qg4 g6 11. Bd3 Nc6 12. Nf3 Qb6 13. b5 Nce7 14. Qg3 Bd7 15.
Qf2 Qxf2+ 16. Kxf2 Nh6 17. h3 O-O 18. g4 Rfc8 19. Bb4 Kf8 20. Ng5 Kg7 21. Bxe7
Ng8 22. Bd6 f6 23. exf6+ Nxf6 24. Be5 h6 25. Nh7 Kxh7 26. Bxf6 Rc5 27. Be7 Rxb5
28. Bxb5 Bxb5 29. Rhe1 Bd7 30. Bc5 a5 31. f5 gxf5 32. gxf5 a4 33. fxe6 Be8 34.
Ke3 Kg6 35. Kd4 Bc6 36. Rg1+ Kf6 37. Raf1+ Kxe6 38. Rg7 Re8 39. Rgf7 1-0

[Event "AUTO-OPEN-4199"]
[Site "http://www.queenalice.com/game.php?id=1622027"]
[Date "2020.7.29"]
[Round "1"]
[White "luizantoniosetti"]
[Black "maurice91"]
[Result "1-0"]
[WhiteElo "2080"]
[BlackElo "1742"]

1. e4 d5 2. exd5 Qxd5 3. Nc3 Qa5 4. d4 Bf5 5. Nf3 Nf6 6. Ne5 e6 7. Nc4 Qa6 8.
Ne3 Qa5 9. Bd2 Qb6 10. d5 Bg6 11. Qf3 e5 12. Nc4 Qd4 13. Nb5 Na6 14. Nxd4 exd4
15. Na5 Be4 16. Bb5+ c6 17. Qe2 Nc5 18. f3 Be7 19. fxe4 cxb5 20. Qxb5+ Ncd7 21.
e5 Ne4 22. e6 fxe6 23. dxe6 Bh4+ 24. g3 Bxg3+ 25. hxg3 O-O 26. exd7 Nxg3 27.
O-O-O Nf5 28. Qxb7 Rab8 29. Qd5+ Kh8 30. Nc6 Ne3 31. Bxe3 1-0

[Event "AUTO-OPEN-4199"]
[Site "http://www.queenalice.com/game.php?id=1622028"]
[Date "2020.7.29"]
[Round "1"]
[White "maurice91"]
[Black "luizantoniosetti"]
[Result "0-1"]
[WhiteElo "1697"]
[BlackElo "2111"]

1. d4 e6 2. c4 d5 3. Nc3 Nf6 4. Bg5 Nbd7 5. Nf3 c6 6. cxd5 exd5 7. Qd2 Be7 8. e3
O-O 9. Bd3 h6 10. Bh4 Ne4 11. Bxe7 Qxe7 12. Bxe4 dxe4 13. Ng1 Rd8 14. Qc2 f5 15.
Nge2 Nf6 16. Ng3 Be6 17. O-O c5 18. Rad1 cxd4 19. exd4 Nd5 20. Qd2 Qg5 21. Nxd5
Qxd2 22. Nf6+ Kf7 23. Rxd2 Kxf6 24. Re1 Bxa2 25. Nf1 Bc4 26. Ne3 Bd3 27. f3 Rxd4
28. fxe4 fxe4 29. Nc2 Rd7 30. Ne3 Rad8 31. Ng4+ Kf5 32. h3 h5 33. Nf2 g6 34. Nd1
Bb5 35. Ne3+ Ke5 36. Rf2 Rd2 37. b3 Rxf2 38. Kxf2 Rd2+ 39. Kg1 Re2 40. Rxe2 Bxe2
41. Kf2 Bd3 42. Ke1 Kf4 43. Kf2 h4 44. b4 a6 45. Nd5+ Ke5 46. Ne3 Kd4 47. Ng4
Kc4 48. Ne5+ Kxb4 49. Nxg6 e3+ 50. Ke1 Bxg6 51. Ke2 Kc3 52. Kxe3 b5 53. Kf4 b4
54. g4 hxg3 55. Kxg3 b3 0-1

[Event "AUTO-OPEN-4206"]
[Site "http://www.queenalice.com/game.php?id=1624749"]
[Date "2020.8.24"]
[Round "1"]
[White "luizantoniosetti"]
[Black "Elcid"]
[Result "0-1"]
[WhiteElo "2153"]
[BlackElo "1748"]

1. e4 c5 2. c3 g6 3. d4 cxd4 4. cxd4 d5 5. exd5 Qxd5 6. Nc3 Qd8 7. Nf3 Bg7 8.
Be3 Nf6 9. Bb5+ Nbd7 10. O-O O-O 0-1

[Event "AUTO-OPEN-4206"]
[Site "http://www.queenalice.com/game.php?id=1624776"]
[Date "2020.8.24"]
[Round "1"]
[White "Canaye"]
[Black "luizantoniosetti"]
[Result "0-1"]
[WhiteElo "1723"]
[BlackElo "2166"]

1. d4 e6 2. c4 Nf6 3. Nc3 Bb4 4. Qc2 O-O 5. a3 Bxc3+ 6. Qxc3 b5 7. Nf3 bxc4 8.
Bg5 d5 9. e3 h6 10. Bxf6 Qxf6 11. Be2 Nd7 12. O-O c5 13. Rad1 Rb8 14. Nd2 cxd4
15. exd4 e5 16. dxe5 Nxe5 17. Rfe1 Rxb2 18. Qxb2 Nf3+ 0-1

[Event "AUTO-OPEN-4206"]
[Site "http://www.queenalice.com/game.php?id=1624777"]
[Date "2020.8.24"]
[Round "1"]
[White "luizantoniosetti"]
[Black "Canaye"]
[Result "1-0"]
[WhiteElo "2177"]
[BlackElo "1740"]

1. e4 e6 2. d4 d5 3. Nc3 dxe4 4. Nxe4 Nd7 5. Nf3 Ngf6 6. Nxf6+ Nxf6 7. Bd3 Bd6
8. O-O O-O 9. Bd2 c5 10. dxc5 Bxc5 11. Qe2 Qb6 12. b4 Be7 13. c4 Bd7 14. Ne5 Be8
15. Rab1 Nd7 16. c5 Qc7 17. Bf4 Nxe5 18. Bxe5 Qc8 19. Rfd1 Bc6 20. Qh5 f5 21.
Bc4 Be8 22. Qe2 Bf6 23. Bd6 Rf7 24. Bxe6 Qd8 25. Qc4 Bg5 26. f4 Be7 27. Bxf5
Bxd6 28. Rxd6 Qc7 29. Be6 Rc8 30. Bxc8 Qxc8 31. Re1 Kf8 32. Qe4 a6 33. Qxh7 Re7
34. Rxe7 Kxe7 35. Qxg7+ Bf7 36. Qe5+ Kf8 37. Qh8+ Bg8 38. Rf6+ Ke7 39. Qg7+ 1-0

[Event "AUTO-OPEN-4206"]
[Site "http://www.queenalice.com/game.php?id=1624796"]
[Date "2020.8.24"]
[Round "1"]
[White "luizantoniosetti"]
[Black "CCapivara"]
[Result "1-0"]
[WhiteElo "2135"]
[BlackElo "2184"]

1. e4 d6 2. d4 Nf6 3. f3 c6 4. Be3 Qb6 5. Qc1 Qc7 6. Bd3 e5 7. c3 Be7 8. Ne2 O-O
9. O-O Nbd7 10. a4 d5 11. Ng3 Rd8 12. Nf5 Bf8 13. b4 dxe4 14. fxe4 Nb6 15. Nh6+
Kh8 16. dxe5 Qxe5 17. Nxf7+ 1-0

[Event "AUTO-OPEN-4206"]
[Site "http://www.queenalice.com/game.php?id=1624797"]
[Date "2020.8.24"]
[Round "1"]
[White "CCapivara"]
[Black "luizantoniosetti"]
[Result "0-1"]
[WhiteElo "2211"]
[BlackElo "2152"]

1. e4 e6 2. d4 d5 3. exd5 exd5 4. Nf3 Bd6 5. Bd3 Ne7 6. O-O O-O 7. Re1 c6 8. c3
Qc7 9. Be3 Nd7 10. Nbd2 Nb6 11. Qc2 Ng6 12. g3 Bd7 13. h4 f5 14. h5 Ne7 15. Bg5
Rae8 16. Bxe7 Rxe7 17. Rxe7 Bxe7 18. Ne5 Bc8 19. Ndf3 Qd6 20. Kg2 Qh6 21. Rh1
Bd6 22. a4 Bxe5 23. dxe5 f4 24. Rh4 fxg3 25. fxg3 Qe3 26. Qe2 Qxe2+ 27. Bxe2 Re8
28. a5 Nd7 29. c4 Nxe5 30. cxd5 cxd5 31. Rd4 Nc6 32. Rd2 Bg4 33. h6 Rxe2+ 34.
Rxe2 Bxf3+ 35. Kxf3 Nd4+ 36. Ke3 Nxe2 37. Kxe2 gxh6 38. Ke3 Kf7 39. Kd4 Ke6 40.
g4 b6 41. axb6 axb6 42. b4 Kd6 43. b5 Ke6 0-1